000 00655nam a22002177a 4500
003 OSt
005 20180830150658.0
008 180830b xxu||||| |||| 00| 0 eng d
020 _a9781605477787
020 _a1605477788
040 _cDNLM
100 _aMazurek, Bernadette Melnyk; Fineout-Overholt, Ellen
_912667
245 _aEvidence-based Practice in Nursing & Healthcare: a guide to best practice
250 _a2nd ed.
260 _aPhiladelphia; Wolters Kluwer, 2011
300 _axxii,599p; col.ill: 25.5cm
504 _aAppendices, glossary, & index included
650 _aNursing
_9135
650 _aHealth care
_912
942 _2z
_cO_SHELF
999 _c6129
_d6129